000 00681nam a2200229Ia 4500
001 15384
003 GE_BSU
008 181216s||||||||xx |||||||||||||| ||und||
040 _cGE_BSU
080 _a821.353.1-31
100 _aქირია,ჯემალ
245 _aმარადი მხედარი.
245 _bრომანი
245 _cრედ.ც.ქაროსანიძე. მხატვ.გ.ღლონტი
260 _aთბილისი
260 _bმერანი
260 _c1985
300 _a451გვ.23სმ.
653 _aმარადი მხედარი.
653 _aრომანი
942 _cBK
999 _c48489
_d48489